000 00418nam a22001817a 4500
003 MPLRDC
005 20220104113954.0
008 210129b ||||| |||| 00| 0 eng d
082 _a848.2 AY v.6
100 _a爱亚著
245 _a脱走女子
_c
250 _a四印
260 _a
_b尔雅出版社
_c1988
300 _b
490 _a尔雅丛书;231
650 _a现代别集
942 _cBK
_o848.2 AY v.6
999 _c3807
_d3797